LIBRARY & INFORMATION CENTRE, KCAET, TAVANUR

ONLINE PUBLIC ACCESS CATALOGUE (OPAC)

Text book of sanitary engineering / (Record no. 5504)

MARC details
000 -LEADER
fixed length control field 00396cam a2200157ua 4500
003 - CONTROL NUMBER IDENTIFIER
control field OSt
008 - FIXED-LENGTH DATA ELEMENTS--GENERAL INFORMATION
fixed length control field 250823b |||||||| |||| 00| 0 eng d
041 ## - LANGUAGE CODE
Language code of text/sound track or separate title eng
082 ## - DEWEY DECIMAL CLASSIFICATION NUMBER
Classification number 628
Item number VIN/TE
100 ## - MAIN ENTRY--AUTHOR NAME
Personal name Vinayak, N Gharpure .
245 ## - TITLE STATEMENT
Title Text book of sanitary engineering /
250 ## - EDITION STATEMENT
Edition statement 2 /
260 ## - PUBLICATION, DISTRIBUTION, ETC. (IMPRINT)
Place of publication New Delhi :
Name of publisher Modern Publishing House ,
Year of publication 1965.
300 ## - PHYSICAL DESCRIPTION
Number of Pages 436 ; .
942 ## - ADDED ENTRY ELEMENTS (KOHA)
Koha item type Books
Holdings
Withdrawn status Lost status Damaged status Home library Current library Date acquired Full call number Accession Number Koha item type
      KAUAET KAUAET 07/04/2012 628 VIN/TE 12859 Books
      KAUAET KAUAET 07/04/2012 628 VIN/TE 11551 Books
      KAUAET KAUAET 07/04/2012 628 VIN/TE 11554 Books
free website counter